Practising feminism : identity, difference, power

Αποθηκεύτηκε σε:
Λεπτομέρειες βιβλιογραφικής εγγραφής
Άλλοι συγγραφείς: Charles, Nickie (Επιμελητής έκδοσης), Hughes-Freeland, Felicia 1954- (Επιμελητής έκδοσης)
Μορφή: Βιβλίο
Γλώσσα:English
Δημοσίευση: London : Routledge, c1996
Θέματα:
Ετικέτες: Προσθήκη ετικέτας
Δεν υπάρχουν, Καταχωρήστε ετικέτα πρώτοι!

MARC

LEADER 00000nam a2200000 i 4500
001 1/69790
008 981110s1996 eng d
020 |a 0-415-11109-9 
035 |l 10030462 
040 |a GR-MY-UA  |b gre  |e aacr 
041 0 |a eng 
082 0 |a 305.42 
245 1 0 |a Practising feminism :  |b identity, difference, power /  |c edited by Nickie Charles and Felicia Hughes-Freeland 
260 |a London :   |b Routledge,   |c c1996 
300 |a 228 p. 
504 |a Includes bibliographical references and index 
650 0 0 |a Feminism  |x Cross-cultural studies. 
650 0 0 |a Feminist theory  |x Cross-cultural studies. 
650 0 0 |a Women  |x Identity  |x Cross-cultural studies. 
700 1 |a Charles, Nickie.  |4 edt 
700 1 |a Hughes-Freeland, Felicia  |d 1954-  |4 edt 
852 |a INST  |b LESVOS  |e 19981110  |h 305.42 PRA  |p 005100017717  |q 005100017717  |t BK  |y 0 
901 |a BIBL-1999-1 
909 |a Λ  |b 060051 
922 |a 1ΕΛΗ  |b 199810  |c ΚΠΣ/ΤΚ  |d ΠΑΠΑΣΩΤΗΡΙΟΥ 
950 |a 103-1998-07-27